đŸŽ¶ Paroles "Tarentelle" Yves Duteil - Statistiques

Statistiques générales
  • Ce quiz a Ă©tĂ© pris 30 fois
  • Le rĂ©sultat moyen est 267 sur 319
Statistiques - réponses
Mots % Correct
Ă 
100%
À
100%
C'
100%
ce,
100%
ce
100%
dans
100%
Dans
100%
danse,
100%
danse
100%
Et
100%
et
100%
j'
100%
J'
100%
l'
100%
la
100%
"la"
100%
lĂ 
100%
lĂ ,
100%
LĂ 
100%
le
100%
m'
100%
s'
100%
t'
100%
ai
94%
ça
94%
danser
94%
danser,
94%
il
94%
je
94%
Je
94%
les
94%
on
94%
On
94%
Qu'
94%
qu'
94%
Que
94%
que
94%
tarentelle,
94%
Vous
94%
vous
94%
avec
89%
est
89%
ma
89%
Mais
89%
moi
89%
moi.
89%
Moi
89%
mon
89%
pas
89%
Pas
89%
pas ?
89%
Pour
89%
pour
89%
Si
89%
si
89%
aime,
83%
aime
83%
avez
83%
comme
83%
des
83%
donne
83%
me
83%
Ne
83%
ne
83%
qui
83%
aimez
78%
appris
78%
autrefois
78%
celle,
78%
celle
78%
cet
78%
dansait
78%
demain
78%
en
78%
bien
72%
bras.
72%
cadence,
72%
'dence
72%
état-
72%
joli
72%
mes
72%
pense,
72%
pense
72%
petit
72%
Quand...
72%
Quand
72%
telle
72%
Tout
72%
tout
72%
venez
72%
Venez
72%
aille
67%
amour
67%
bois.
67%
bois?
67%
bois ?
67%
bois
67%
dansera
67%
mĂȘme,
67%
mĂȘme
67%
montrerai
67%
notre
67%
pourra
67%
savez
67%
votre
67%
voulez-
67%
apprendre
61%
arrĂȘtera
61%
arrĂȘtera !
61%
arrive
61%
Aussi
61%
dire
61%
Jamais
61%
jamais
61%
laissez
61%
longtemps
61%
nous
61%
Serrez-
61%
voudra
61%
bonheur
56%
cƓur
56%
commence,
56%
déjà
56%
dense,
56%
dense
56%
donnez
56%
élance,
56%
était
56%
finit
56%
'lance
56%
'mence
56%
pensez-
56%
Redonnez-
56%
bas
50%
doucement
50%
jolis
50%
ombre
50%
petits
50%
petits,
50%
robe
50%
soleil
50%
apprendrai
44%
donner
44%
perdez
44%
éclats
39%
feuillage
39%
'mence
39%
recommence,
39%
immense,
28%
Aucun quiz correspondant
Distribution des résultats
% des personnes avec chaque résultat
Percentile par nombre de réponses
Votre historique - résultats
Vous n’avez pas pris ce quiz